Educación para la vida familiar: manual-guía para trabajo con la comunidad
Uloženo v:
| Hlavní autor: | |
|---|---|
| Médium: | Kniha |
| Jazyk: | španělština |
| Vydáno: |
Bogotá
Asociación Colombiana para el Estudio Científico de la Población
1973
|
| Témata: | |
| Tagy: |
Přidat tag
Žádné tagy, Buďte první, kdo vytvoří štítek k tomuto záznamu!
|
MARC
| LEADER | 00000nam a2200000 a 4500 | ||
|---|---|---|---|
| 001 | UCU1048 | ||
| 003 | CL-VaPUC | ||
| 008 | 960329e19730000CK |||||||||||||||||spa|d | ||
| 082 | 0 | 4 | |a 371.71 |b CAR |2 21 |
| 100 | 0 | |a Carrasco de Gómez, Isabel |e author |9 356642 | |
| 245 | 1 | 0 | |a Educación para la vida familiar: manual-guía para trabajo con la comunidad |
| 300 | |a 84 p | ||
| 942 | |c BK | ||
| 945 | |d 19960329 00:00:00 |a lriquelm | ||
| 260 | |a Bogotá |b Asociación Colombiana para el Estudio Científico de la Población |c 1973 | ||
| 650 | 0 | |a Educación sexual |9 308005 | |
| 650 | 7 | |a EDUCACION SANITARIA |2 CL-VaPUC |9 339099 | |
| 650 | 7 | |a EDUCACION FAMILIAR |2 CL-VaPUC |9 309569 | |
| 650 | 7 | |a CONTROL DE LA NATALIDAD |2 CL-VaPUC |9 308234 | |
| 650 | 7 | |a PLANIFICACION DE LA FAMILIA |2 CL-VaPUC |9 338183 | |
| 583 | |a last modification |c 19960329 00:00:00 |k Rodrigo Vera | ||
| 999 | |c 245814 |d 245812 | ||
| 952 | |0 0 |1 0 |4 0 |6 371_710000000000000_CAR_1973 |7 0 |8 P |9 260413 |a BIBEDU |b BIBEDU |c BIBEDU_PB |d 2019-11-19 |i 1639617 |o 371.71 CAR 1973 |p 1639617 |r 2024-01-25 |w 2019-11-19 |y BK |k EDU | ||